[Event "Mitropa Cup"]
[Site "Charleville"]
[Date "2000.11.25"]
[Round "1"]
[White "Borgo, Giulio"]
[Black "Acs, Peter"]
[Result "1-0"]
[WhiteElo "2391"]
[BlackElo "2497"]
[PlyCount "67"]
[EventDate "2000.11.25"]
[Source "ChessBase"]
[SourceDate "2001.01.11"]

1. e4 c5 2. Nf3 d6 3. d4 cxd4 4. Nxd4 Nf6 5. f3 e5 6. Bb5+ Nbd7 7. Nf5 a6 8. Ba4 d5 9. exd5 b5 10. Bb3 Nb6 11. Ne3 Bc5 12. Qd3 O-O 13. Nc3 Bb7 14. Bd2 Bd4 15. Nf5 a5 16. a4 Bxc3 17. bxc3 bxa4 18. Bxa4 Bxd5 19. Ne3 Nxa4 20. Rxa4 Qb6 21. O-O Rfd8 22. Qe2 Bc6 23. Rh4 a4 24. c4 Rd4 25. Rh3 Bd7 26. Rg3 Nh5 27. Rg5 Nf4 28. Qf2 f6 29. Rg3 Rc8 30. c3 Rd3 31. Kh1 Nh5 32. Nd5 Qxf2 33. Rxf2 Nxg3+ 34. hxg3 1-0

[Event "Moscow Ch Open"]
[Site "Moscow RUS"]
[Date "1995.??.??"]
[Round "11"]
[White "Gorbatow, Alexej"]
[Black "Yuferov, Sergey N"]
[Result "1-0"]
[WhiteElo "2410"]
[BlackElo "2475"]
[PlyCount "51"]
[EventDate "1995.??.??"]
[Source "www.chesslib.no"]
[SourceDate "2004.05.04"]

1. e4 c5 2. Nf3 d6 3. d4 cxd4 4. Nxd4 Nf6 5. f3 e5 6. Bb5+ Nbd7 7. Nf5 d5 8. exd5 a6 9. Ba4 b5 10. Bb3 Nb6 11. Ne3 Bc5 12. Nc3 Bb7 13. Qd3 O-O 14. Ne4 Nxe4 15. fxe4 a5 16. c3 a4 17. Bd1 f5 18. Nxf5 Rxf5 19. exf5 Bxd5 20. Qg3 Nc4 21. Bc2 Qb6 22. f6 Qxf6 23. Bg5 Bf2+ 24. Qxf2 Qxg5 25. O-O Ne3 26. Be4 1-0

[Event "Sibenik"]
[Site "?"]
[Date "2006.10.01"]
[Round "10.2"]
[White "Leventic Ivan"]
[Black "Ascic Pero"]
[Result "1-0"]
[WhiteElo "2488"]
[BlackElo "2387"]
[PlyCount "61"]
[EventDate "2006.??.??"]
[Source "www.chesslib.no"]
[SourceDate "2004.05.04"]

1. e4 c5 2. Nf3 d6 3. d4 cxd4 4. Nxd4 Nf6 5. f3 e5 6. Bb5+ Nbd7 7. Nf5 d5 8. exd5 a6 9. Ba4 b5 10. Bb3 Nc5 11. Ne3 Nxb3 12. axb3 Bc5 13. Nc3 Nh5 14. Ne4 Ba7 15. d6 O-O 16. Qd5 Rb8 17. d7 Bb7 18. Qxe5 g6 19. Ng4 f6 20. Qe6+ Kh8 21. Bh6 Bxe4 22. fxe4 Rb6 23. Qd5 Rg8 24. O-O-O Bb8 25. g3 Rd6 26. Qf7 f5 27. Rxd6 Bxd6 28. exf5 Qa5 29. Kb1 gxf5 30. Qxf5 b4 31. Qxa5 1-0

[Event "URS Team Ch"]
[Site "Podolsk RUS"]
[Date "1990.??.??"]
[Round "?"]
[White "Zhuravliov, Valerij"]
[Black "Agrest, Evgenij"]
[Result "1-0"]
[WhiteElo "2460"]
[BlackElo "2415"]
[PlyCount "118"]
[EventDate "1990.??.??"]
[Source "www.chesslib.no"]
[SourceDate "2004.05.04"]

1. e4 c5 2. Nf3 d6 3. d4 cxd4 4. Nxd4 Nf6 5. f3 e5 6. Bb5+ Bd7 7. Bxd7+ Qxd7 8. Nf5 d5 9. Bg5 dxe4 10. Bxf6 Qxd1+ 11. Kxd1 gxf6 12. fxe4 Nc6 13. Nd2 O-O-O 14. c3 Ne7 15. Nxe7+ Bxe7 16. Ke2 Rhg8 17. g3 h5 18. Rhg1 Rd7 19. Rad1 Rg4 20. h3 Rg8 21. Nf3 Rxd1 22. Kxd1 f5 23. exf5 Bc5 24. Rg2 e4 25. Nd2 Rd8 26. Ke1 Re8 27. Ke2 Kc7 28. g4 Kd6 29. gxh5 Ke5 30. b4 Bb6 31. Nc4+ Kf6 32. Nd6 Rd8 33. Nxe4+ Kxf5 34. Rg4 Bc7 35. a4 Bf4 36. Ng3+ Ke5 37. Nf1 Rc8 38. Kd3 Rd8+ 39. Kc2 Rh8 40. Rh4 Bg5 41. Rc4 Rxh5 42. Rc7 Ke6 43. Rxb7 Rxh3 44. Rxa7 Rf3 45. Ra6+ Ke7 46. Ra5 Rf2+ 47. Kd3 f6 48. Ne3 Rf3 49. Rxg5 fxg5 50. a5 Kd6 51. c4 Rf2 52. a6 Ra2 53. c5+ Kd7 54. b5 Ra3+ 55. Kd4 g4 56. c6+ Kc8 57. Nxg4 Kc7 58. Ne3 Rb3 59. a7 Ra3 1-0

[Event "zt 2.3"]
[Site "Guayaquil"]
[Date "2003.10.07"]
[Round "2"]
[White "Juarez Flores, Carlos A"]
[Black "Garcia, Gildardo"]
[Result "1-0"]
[WhiteElo "2392"]
[BlackElo "2470"]
[PlyCount "125"]
[EventDate "2003.10.06"]
[Source "Roberto Alvarez"]
[SourceDate "2003.10.20"]

1. e4 c5 2. Nf3 d6 3. d4 cxd4 4. Nxd4 Nf6 5. f3 e5 6. Bb5+ Bd7 7. Bxd7+ Nbxd7 8. Nf5 d5 9. exd5 g6 10. Ne3 Bc5 11. O-O O-O 12. Kh1 Qb6 13. Re1 e4 14. f4 Qd6 15. Rf1 Nb6 16. Nc3 Rad8 17. Qe2 a6 18. Bd2 Rfe8 19. Rae1 Bxe3 20. Bxe3 Nbxd5 21. Nxd5 Nxd5 22. f5 Nxe3 23. Qxe3 Qd2 24. Qb3 Rd7 25. fxg6 hxg6 26. Qc4 b5 27. Qe2 e3 28. h3 Kg7 29. Rf3 Rde7 30. Kg1 f5 31. c3 Re4 32. Kf1 Qd5 33. a3 g5 34. Kg1 f4 35. Rff1 Kh6 36. Rd1 Qc4 37. Rd6+ R8e6 38. Rd3 R4e5 39. Rfd1 Rd5 40. Kf1 Rxd3 41. Qxd3 Qxd3+ 42. Rxd3 Kh5 43. Ke2 Kh4 44. Rd5 g4 45. Rf5 Kg3 46. Rg5 Kxg2 47. Rxg4+ Kxh3 48. Rxf4 Kg3 49. Rf3+ Kg4 50. Rxe3 Rh6 51. Kd3 Kf4 52. Re2 Rd6+ 53. Kc2 Kf5 54. Kb3 a5 55. a4 Rb6 56. axb5 Rxb5+ 57. Ka4 Rc5 58. b4 Rxc3 59. Kxa5 Ra3+ 60. Kb6 Kf6 61. b5 Kf7 62. Kb7 Ra1 63. b6 1-0

[Event "RUS-Cup1 Chigorin mem"]
[Site "St Petersburg"]
[Date "1996.??.??"]
[Round "7"]
[White "Shaposhnikov, Evgeny"]
[Black "Sulskis, Sarunas"]
[Result "0-1"]
[WhiteElo "2345"]
[BlackElo "2515"]
[PlyCount "92"]
[EventDate "1996.11.??"]
[Source "ChessBase"]

1. e4 c5 2. Nf3 d6 3. d4 cxd4 4. Nxd4 Nf6 5. f3 e5 6. Bb5+ Nbd7 7. Nf5 d5 8. exd5 a6 9. Ba4 b5 10. Bb3 Nb6 11. Ne3 Bc5 12. Nc3 Bb7 13. Qd3 O-O 14. Bd2 a5 15. a4 b4 16. Nb5 e4 17. fxe4 Re8 18. e5 Rxe5 19. O-O-O Bc8 20. Rhe1 Ne4 21. Nc4 Nxc4 22. Rxe4 Nxb2 23. Kxb2 Bf5 24. Rde1 Rxe4 25. Rxe4 Qf6+ 26. Ka2 Qg6 27. Qc4 Bxe4 28. Qxc5 Qxg2 29. Bf4 Qg4 30. Bc7 Bf5 31. Nd6 Bd7 32. Bxa5 h5 33. Qxb4 Qh3 34. Ne4 f6 35. Qe7 Kh8 36. d6 Qf5 37. Ng3 Qg4 38. Bd8 Bxa4 39. Qf8+ Kh7 40. Qg8+ Kh6 41. Kb2 Bxb3 42. Kxb3 Qa4+ 43. Kc3 Rc8+ 44. Kd3 Qxc2+ 45. Ke3 Rc3+ 46. Kf4 g5+ 0-1

[Event "NED Ch sf"]
[Site "Enschede NED"]
[Date "1995.??.??"]
[Round "8"]
[White "Bosch, Jeroen"]
[Black "Riemersma, Liafbern"]
[Result "1-0"]
[WhiteElo "2425"]
[BlackElo "2430"]
[PlyCount "89"]
[EventDate "1995.??.??"]
[Source "www.chesslib.no"]
[SourceDate "2004.05.04"]

1. e4 c5 2. Nf3 d6 3. d4 cxd4 4. Nxd4 Nf6 5. f3 e5 6. Bb5+ Nbd7 7. Nf5 d5 8. exd5 a6 9. Ba4 Qa5+ 10. Nc3 b5 11. Bb3 Nc5 12. Qe2 Nxb3 13. Qxe5+ Kd8 14. cxb3 b4 15. Ne4 Qxd5 16. Qxd5+ Nxd5 17. Bg5+ Kc7 18. Rc1+ Kb6 19. Ne3 Be6 20. Kf2 Kb7 21. Rhd1 Nxe3 22. Bxe3 Rc8 23. Bc5 Rc6 24. Bxf8 Rxf8 25. Rxc6 Kxc6 26. Rd6+ Kb5 27. Ke3 Bc8 28. a4+ bxa3 29. bxa3 Be6 30. Rd4 a5 31. Rd6 Bxb3 32. Kd4 Ka4 33. Ra6 Kxa3 34. Rxa5+ Kb4 35. Ra6 Rd8+ 36. Rd6 Rxd6+ 37. Nxd6 Ba2 38. f4 g6 39. g4 h5 40. gxh5 gxh5 41. h4 Bb3 42. Ke5 Kc5 43. Ne4+ Kc6 44. Ng3 Bd1 45. Kf6 1-0

[Event "Weihnachtsopen Masters"]
[Site "Zurigo SVI"]
[Date "2006.12.29"]
[Round "5"]
[White "Eschbach, D."]
[Black "Likavsky, T."]
[Result "1/2-1/2"]
[WhiteElo "2371"]
[BlackElo "2480"]
[PlyCount "118"]
[EventDate "2006.12.26"]
[Source "www.chesslib.no"]
[SourceDate "2004.05.04"]

1. e4 c5 2. Nf3 d6 3. d4 cxd4 4. Nxd4 Nf6 5. f3 e5 6. Bb5+ Nbd7 7. Nf5 d5 8. exd5 a6 9. Ba4 b5 10. Bb3 Nc5 11. Ne3 Nxb3 12. axb3 Bc5 13. Nc3 Bb7 14. Qd3 O-O 15. Ne4 Nxe4 16. fxe4 f5 17. Nxf5 g6 18. Ne3 Qh4+ 19. g3 Qh5 20. Bd2 Bc8 21. b4 Bd4 22. Qe2 Rf3 23. Rf1 Rxf1+ 24. Kxf1 Qh3+ 25. Qg2 Qh6 26. Ke2 Bh3 27. Qh1 Bxb2 28. Rb1 Bd4 29. Qf3 Rc8 30. Nf5 gxf5 31. Bxh6 Bg4 32. Qxg4+ fxg4 33. Rf1 Rxc2+ 34. Ke1 Rc8 35. Rf6 Bc3+ 36. Bd2 Bxd2+ 37. Kxd2 Rc4 38. Kd3 Rd4+ 39. Ke3 Rxb4 40. Rxa6 Rb3+ 41. Kd2 Rb2+ 42. Ke3 Rb3+ 43. Kd2 Rb2+ 44. Kc3 Rxh2 45. Re6 Rg2 46. Rxe5 Rxg3+ 47. Kd4 Rg1 48. d6 Rd1+ 49. Kc5 Kf7 50. Rg5 Ke6 51. Rxg4 Rxd6 52. Rh4 Rd7 53. Kxb5 Ke5 54. Kc6 Ra7 55. Kb6 Rg7 56. Kc6 Rg6+ 57. Kd7 h6 58. Ke7 Rg7+ 59. Kf8 Rg5 1/2-1/2

[Event "UKR"]
[Site "?"]
[Date "2006.05.07"]
[Round "6"]
[White "Sitnikov Anton"]
[Black "Maximov Dmitry"]
[Result "1-0"]
[WhiteElo "2459"]
[BlackElo "2391"]
[PlyCount "87"]
[EventDate "2006.??.??"]
[Source "www.chesslib.no"]
[SourceDate "2004.05.04"]

1. e4 c5 2. Nf3 d6 3. d4 cxd4 4. Nxd4 Nf6 5. f3 e5 6. Bb5+ Nbd7 7. Nf5 a6 8. Ba4 d5 9. exd5 b5 10. Bb3 Nb6 11. Ne3 Bc5 12. Nc3 Bb7 13. Qd3 O-O 14. Ne4 Nfd7 15. Bd2 Rc8 16. O-O-O Bd4 17. Nf5 Nc5 18. Nxc5 Bxc5 19. d6 Kh8 20. Ne7 Qd7 21. Nxc8 Rxc8 22. Be3 Nc4 23. Bxc5 Rxc5 24. Kb1 f6 25. Bxc4 Rxc4 26. b3 Rc8 27. Rhe1 Re8 28. g4 Bc6 29. h3 a5 30. Re3 h6 31. Qg6 a4 32. b4 Qe6 33. Rc3 Bd7 34. a3 Rd8 35. Rc7 Qg8 36. h4 Qf8 37. Qd3 Qe8 38. Kb2 g6 39. Qd5 Be6 40. d7 Qe7 41. Qd6 Qf7 42. Rc8 Rxc8 43. dxc8=Q+ Bxc8 44. Qd8+ 1-0

[Event "Giessen Open"]
[Site "Giessen"]
[Date "1995.??.??"]
[Round "5"]
[White "Ginsburg, Gennadij"]
[Black "Reschke, Stefan"]
[Result "1/2-1/2"]
[WhiteElo "2440"]
[BlackElo "2405"]
[PlyCount "63"]
[EventDate "1995.??.??"]
[Source "www.chesslib.no"]
[SourceDate "2004.05.04"]

1. e4 c5 2. Nf3 d6 3. d4 cxd4 4. Nxd4 Nf6 5. f3 e5 6. Bb5+ Bd7 7. Bxd7+ Qxd7 8. Nf5 d5 9. Bg5 Nc6 10. Bxf6 gxf6 11. Qxd5 Qxd5 12. exd5 Nb4 13. Na3 O-O-O 14. O-O-O Nxa2+ 15. Kb1 Nc3+ 16. bxc3 Bxa3 17. Rhe1 Kd7 18. Ka2 Bc5 19. Re4 Rhg8 20. g4 h5 21. Ng3 hxg4 22. fxg4 Rh8 23. Rf1 Rxh2 24. Rxf6 Ke7 25. g5 Rxd5 26. Nf5+ Ke8 27. c4 Rxc2+ 28. Kb3 Rdd2 29. Rxe5+ Kf8 30. Rxc5 Rb2+ 31. Kc3 Rbc2+ 32. Kb3 1/2-1/2

[Event "It (Open) Moscow RUS"]
[Site "?"]
[Date "2006.02.13"]
[Round "7"]
[White "Yandemirov Valeri"]
[Black "Li Chao"]
[Result "0-1"]
[WhiteElo "2520"]
[BlackElo "2320"]
[PlyCount "86"]
[EventDate "2006.??.??"]
[Source "www.chesslib.no"]
[SourceDate "2004.05.04"]

1. e4 c5 2. Nf3 d6 3. d4 cxd4 4. Nxd4 Nf6 5. f3 e5 6. Bb5+ Nbd7 7. Nf5 d5 8. exd5 a6 9. Ba4 b5 10. Bb3 Nc5 11. Ne3 Nxb3 12. axb3 Bc5 13. c4 Nh5 14. g3 O-O 15. Nc3 Qb6 16. Qd3 Bd7 17. Nc2 f5 18. Be3 bxc4 19. bxc4 Bxe3 20. Qxe3 Qxb2 21. Kd2 Qb3 22. c5 f4 23. Qxe5 Bf5 24. Rhc1 fxg3 25. Ra3 Qb7 26. hxg3 Rae8 27. Qd4 Nxg3 28. Rg1 Bxc2 29. Rxg3 Bg6 30. Ne4 Rb8 31. Rc3 Qb2+ 32. Ke3 Qb1 33. Qd3 Qe1+ 34. Qe2 Qa1 35. Rxg6 hxg6 36. d6 Rb4 37. Kf2 Qh1 38. d7 Rb1 39. Qc4+ Kh8 40. Qe6 Qe1+ 41. Kg2 Rb2+ 42. Kh3 Qh1+ 43. Kg4 Rg2+ 0-1

[Event "TCh-RUS Siberian Zone, Omsk RUS"]
[Site "?"]
[Date "2001.??.??"]
[Round "7"]
[White "Goncharov, V."]
[Black "Shomoev, A."]
[Result "0-1"]
[WhiteElo "2310"]
[BlackElo "2530"]
[PlyCount "70"]
[EventDate "2001.??.??"]
[Source "www.chesslib.no"]
[SourceDate "2004.05.04"]

1. e4 c5 2. Nf3 d6 3. d4 cxd4 4. Nxd4 Nf6 5. f3 e5 6. Bb5+ Nbd7 7. Nf5 d5 8. exd5 a6 9. Bxd7+ Qxd7 10. Ne3 Bc5 11. c4 b5 12. Nc3 bxc4 13. Ne4 Nxe4 14. fxe4 O-O 15. O-O f5 16. exf5 Qa7 17. Qe1 Bxf5 18. Kh1 Bd3 19. Rxf8+ Rxf8 20. Qg3 Qf7 21. h3 Qf4 22. Kh2 h5 23. a4 h4 24. Qxf4 Rxf4 25. Ng4 Rf1 26. Be3 Rxa1 27. Bxc5 Re1 28. d6 Bf5 29. Bb4 Re2 30. Bc3 Bxg4 31. hxg4 Kf7 32. Kh3 g5 33. Kh2 Ke6 34. Kg1 Kxd6 35. Kf1 Rc2 0-1

[Event "34th Olympiad, Istanbul TUR"]
[Site "?"]
[Date "2000.??.??"]
[Round "4"]
[White "El Taher, F."]
[Black "Rohl, J."]
[Result "0-1"]
[WhiteElo "2485"]
[BlackElo "2350"]
[PlyCount "66"]
[EventDate "2000.??.??"]
[Source "www.chesslib.no"]
[SourceDate "2004.05.04"]

1. e4 c5 2. Nf3 d6 3. d4 cxd4 4. Nxd4 Nf6 5. f3 e5 6. Bb5+ Nbd7 7. Nf5 d5 8. exd5 a6 9. Bd3 Nxd5 10. O-O Nc5 11. Re1 Nxd3 12. Qxd3 Bc5+ 13. Kf1 Bxf5 14. Qxf5 O-O 15. g3 Re8 16. Bd2 Ba7 17. Nc3 Qb6 18. Ne4 g6 19. Qg5 f5 20. Kg2 fxe4 21. fxe4 Nf6 22. Re2 Qc6 23. Rae1 Rad8 24. c3 Rd6 25. Bc1 Qc4 26. a3 Qe6 27. h3 Qc4 28. Qh4 Nh5 29. Bh6 Rf6 30. Rd2 Qf7 31. Ree2 Rf1 32. Qg4 Rg1+ 33. Kh2 Rh1+ 0-1

[Event "XII Torneo magistrale"]
[Site "Zenica BOS"]
[Date "2008.12.04"]
[Round "7.3"]
[White "Tomic, Bosko"]
[Black "Zivkovic, Vjekoslav"]
[Result "1/2-1/2"]
[WhiteElo "2405"]
[BlackElo "2429"]
[PlyCount "55"]
[EventDate "2008.11.29"]
[Source "www.chesslib.no"]
[SourceDate "2004.05.04"]

1. e4 c5 2. Nf3 d6 3. d4 cxd4 4. Nxd4 Nf6 5. f3 e5 6. Bb5+ Nbd7 7. Nf5 d5 8. exd5 a6 9. Ba4 b5 10. Bb3 Nc5 11. Ne3 Nxb3 12. axb3 Bc5 13. Nc3 Bb7 14. Qd3 O-O 15. Bd2 Bxe3 16. Bxe3 Nxd5 17. Nxd5 Bxd5 18. O-O-O Qa5 19. Kb1 Rfd8 20. Qc3 Qxc3 21. bxc3 f6 22. Rd2 Kf7 23. Rhd1 Ke6 24. f4 exf4 25. Bxf4 Rd7 26. Re1+ Kf7 27. Red1 Ke6 28. Re1+ 1/2-1/2

[Event "Suetin mem"]
[Site "Tula"]
[Date "2002.03.26"]
[Round "4"]
[White "Yandemirov, Valeri"]
[Black "Brikov, Illarion"]
[Result "1-0"]
[WhiteElo "2502"]
[BlackElo "2330"]
[PlyCount "119"]
[EventDate "2002.03.23"]
[Source "ChessBase"]
[SourceDate "2002.05.03"]

1. e4 c5 2. Nf3 d6 3. d4 cxd4 4. Nxd4 Nf6 5. f3 e5 6. Bb5+ Nbd7 7. Nf5 d5 8. exd5 a6 9. Ba4 b5 10. Bb3 Nb6 11. Ne3 Bc5 12. Nc3 Bb7 13. Qd3 O-O 14. Ne4 Nfd7 15. Nf5 Bb4+ 16. c3 Nc5 17. Qe2 Nxb3 18. axb3 Bc8 19. Nh6+ gxh6 20. cxb4 Nxd5 21. O-O Re8 22. Rd1 Bb7 23. Qf2 Qe7 24. Bxh6 f6 25. Qc5 Qxc5+ 26. bxc5 Re6 27. Nd6 Bc6 28. Rd2 Ne7 29. Be3 a5 30. Kf2 Kg7 31. g4 a4 32. Nf5+ Kf7 33. Nh6+ Ke8 34. Nf5 Kf7 35. Nxe7 Kxe7 36. b4 Rd8 37. Rxd8 Kxd8 38. Rd1+ Ke7 39. h4 Bb7 40. g5 Bc6 41. gxf6+ Kxf6 42. Rg1 Kf7 43. Rg5 Rf6 44. Rxe5 Rxf3+ 45. Ke1 Rh3 46. Bg5 h6 47. Re7+ Kf8 48. Bf6 Be8 49. Rc7 Re3+ 50. Kd2 Re6 51. Bg7+ Kg8 52. Bd4 h5 53. Kc3 Kf8 54. Bg7+ Kg8 55. Kd4 Rg6 56. Be5 Rg4+ 57. Kd5 Rxh4 58. Ke6 Re4 59. Rc8 Kf8 60. c6 1-0

[Event "Moscow RUS"]
[Site "?"]
[Date "1996.??.??"]
[Round "4"]
[White "Gavrilov Alexei"]
[Black "Olenin Nikolay"]
[Result "1-0"]
[WhiteElo "2445"]
[BlackElo "2385"]
[PlyCount "79"]
[EventDate "1996.??.??"]
[Source "www.chesslib.no"]
[SourceDate "2004.05.04"]

1. e4 c5 2. Nf3 d6 3. d4 cxd4 4. Nxd4 Nf6 5. f3 e5 6. Bb5+ Nbd7 7. Nf5 Qa5+ 8. Nc3 d5 9. exd5 a6 10. Ba4 b5 11. Bb3 Nc5 12. Ne3 Qb6 13. Qe2 Nxb3 14. axb3 Bb4 15. Bd2 Bb7 16. Ne4 Be7 17. Ba5 Qa7 18. O-O-O Nxe4 19. fxe4 O-O 20. Nf5 Bc8 21. d6 Bf6 22. Rhf1 Kh8 23. Kb1 Be6 24. Rd3 Qd7 25. Qd2 Rac8 26. Ne7 Bxe7 27. dxe7 Qxe7 28. Bb4 Qh4 29. Bxf8 Rxf8 30. Rd1 g5 31. g3 Qh6 32. h4 Qg6 33. hxg5 Kg7 34. Rd8 Rxd8 35. Qxd8 h6 36. gxh6+ Qxh6 37. Rf1 Qg6 38. Rh1 Qg4 39. Qh8+ Kg6 40. Qh6# 1-0

[Event "Memorial K.Tsiolkovsky (open)"]
[Site "Kaluga (Russia)"]
[Date "2007.08.11"]
[Round "8"]
[White "Yandemirov Valeri (RUS)"]
[Black "Ditiatev Sergey (RUS)"]
[Result "1-0"]
[WhiteElo "2504"]
[BlackElo "2325"]
[PlyCount "67"]
[EventDate "2007.??.??"]
[Source "www.chesslib.no"]
[SourceDate "2004.05.04"]

1. e4 c5 2. Nf3 d6 3. d4 cxd4 4. Nxd4 Nf6 5. f3 e5 6. Bb5+ Nbd7 7. Nf5 a6 8. Ba4 d5 9. exd5 Qa5+ 10. Nc3 Bb4 11. Bd2 O-O 12. Bxd7 Bxd7 13. Ne3 Qb6 14. Qe2 Rac8 15. O-O-O Qc7 16. Ne4 Nxd5 17. Bxb4 Nxb4 18. a3 Bb5 19. Qd2 Nd3+ 20. Kb1 Nf4 21. g3 Ne6 22. Nd5 Qd8 23. Qb4 Kh8 24. Ne7 Nd4 25. Nxc8 Qxc8 26. Rxd4 exd4 27. Nd6 Qd8 28. Nxb5 axb5 29. Rd1 Kg8 30. Qxb5 Qe7 31. Rxd4 Qe1+ 32. Ka2 Qf2 33. Qd3 Qxh2 34. Rh4 1-0

[Event "Open"]
[Site "?"]
[Date "2005.05.20"]
[Round "5"]
[White "Bodnar Nikolay"]
[Black "Andreev Eduard"]
[Result "1/2-1/2"]
[WhiteElo "2326"]
[BlackElo "2502"]
[PlyCount "46"]
[EventDate "2005.??.??"]
[Source "www.chesslib.no"]
[SourceDate "2004.05.04"]

1. e4 c5 2. Nf3 d6 3. d4 cxd4 4. Nxd4 Nf6 5. f3 e5 6. Bb5+ Nbd7 7. Nf5 d5 8. exd5 a6 9. Bxd7+ Qxd7 10. Ne3 b5 11. a4 Bb7 12. axb5 axb5 13. Rxa8+ Bxa8 14. Qe2 Be7 15. O-O O-O 16. Rd1 Bc5 17. Nc3 b4 18. Ne4 Bxe3+ 19. Bxe3 Nxd5 20. c4 bxc3 21. Nxc3 Nxc3 22. bxc3 Qe6 23. c4 e4 1/2-1/2

[Event "Copa Itau Mercosul"]
[Site "Sao Paulo"]
[Date "1997.10.26"]
[Round "9"]
[White "Vescovi, Giovanni P"]
[Black "Tsuboi, Edson Kenji"]
[Result "1/2-1/2"]
[WhiteElo "2480"]
[BlackElo "2345"]
[PlyCount "87"]
[EventDate "1997.10.19"]
[Source "www.chesslib.no"]
[SourceDate "2004.05.04"]

1. e4 c5 2. Nf3 d6 3. d4 cxd4 4. Nxd4 Nf6 5. f3 e5 6. Bb5+ Nbd7 7. Nf5 d5 8. exd5 a6 9. Bxd7+ Qxd7 10. Ne3 b5 11. c4 Bc5 12. Nc3 O-O 13. Ne4 Nxe4 14. fxe4 bxc4 15. Nxc4 f5 16. Be3 Bxe3 17. Nxe3 fxe4 18. Qc2 Qa7 19. Qxe4 Qd4 20. Qxd4 exd4 21. Nc4 Bb7 22. O-O-O Bxd5 23. Nb6 Bxg2 24. Rhg1 Bf3 25. Nxa8 Bxd1 26. Rxd1 Rxa8 27. Rxd4 Rc8+ 28. Kd2 Rc6 29. Rf4 g5 30. Rf2 Kg7 31. Kd3 Kg6 32. b4 h5 33. a4 g4 34. b5 axb5 35. axb5 Rb6 36. Kc4 h4 37. Rf8 Kg5 38. Kc5 Rf6 39. Rg8+ Rg6 40. Rxg6+ Kxg6 41. Kd4 g3 42. hxg3 h3 43. b6 h2 44. b7 1/2-1/2

[Event "Itau SP 450 Años"]
[Site "Sao Paulo"]
[Date "2004.??.??"]
[Round "5"]
[White "Rodriguez, Andres"]
[Black "Vera Insfran, Jorge Enrique"]
[Result "1-0"]
[WhiteElo "2485"]
[BlackElo "2338"]
[PlyCount "67"]
[EventDate "2004.01.18"]
[Source "Roberto Alvarez"]
[SourceDate "2004.01.26"]

1. e4 c5 2. Nf3 d6 3. d4 cxd4 4. Nxd4 Nf6 5. f3 e5 6. Bb5+ Bd7 7. Bxd7+ Qxd7 8. Nf5 d5 9. Bg5 dxe4 10. Bxf6 gxf6 11. Qxd7+ Nxd7 12. fxe4 Rc8 13. Nc3 Bb4 14. O-O-O Bxc3 15. Nd6+ Ke7 16. Nxc8+ Rxc8 17. bxc3 Rxc3 18. Rd3 Rc7 19. Rh3 Rc4 20. Rxh7 Rxe4 21. h4 Rg4 22. Rh8 Nf8 23. h5 Rg7 24. h6 Rh7 25. Rxh7 Nxh7 26. Rh3 f5 27. Rb3 b6 28. Ra3 Kf6 29. Rxa7 Kg6 30. a4 f4 31. Rb7 e4 32. Rxb6+ Kg5 33. a5 Kg4 34. Rb3 1-0

[Event "Circuito Nacional 2003 1/4 final"]
[Site "Vicente Lopez"]
[Date "2004.??.??"]
[Round "2"]
[White "Paglilla, Carlos"]
[Black "Lafuente, Pablo"]
[Result "1/2-1/2"]
[WhiteElo "2390"]
[BlackElo "2433"]
[PlyCount "67"]
[EventDate "2004.08.03"]
[Source "Roberto Alvarez"]
[SourceDate "2004.08.17"]

1. e4 c5 2. Nf3 d6 3. d4 cxd4 4. Nxd4 Nf6 5. f3 e5 6. Bb5+ Nbd7 7. Nf5 d5 8. exd5 a6 9. Ba4 b5 10. Bb3 Nb6 11. Ng3 Nfxd5 12. O-O Bc5+ 13. Kh1 O-O 14. Ne4 Be7 15. Nbc3 Bb7 16. Qe2 Qc7 17. a4 Nxc3 18. Nxc3 b4 19. Ne4 Rac8 20. Bg5 Bxg5 21. Nxg5 h6 22. Ne4 Nd5 23. Qe1 a5 24. Rd1 Rfd8 25. Rf2 Rd7 26. Rfd2 Rcd8 27. Qg1 Nf4 28. Rxd7 Rxd7 29. Rxd7 Qxd7 30. Nc5 Qc7 31. Nxb7 Qxb7 32. Qd1 Qc7 33. g3 Nh5 34. Kg2 1/2-1/2

[Event "Minsk op"]
[Site "Minsk"]
[Date "1996.??.??"]
[Round "6"]
[White "Yagupov, Igor"]
[Black "Tihonov, Jurij"]
[Result "1/2-1/2"]
[WhiteElo "2450"]
[BlackElo "2365"]
[PlyCount "82"]
[EventDate "1996.??.??"]
[Source "www.chesslib.no"]
[SourceDate "2004.05.04"]

1. e4 c5 2. Nf3 d6 3. d4 cxd4 4. Nxd4 Nf6 5. f3 e5 6. Bb5+ Bd7 7. Bxd7+ Nbxd7 8. Nf5 d5 9. exd5 Nb6 10. Bg5 Nbxd5 11. Qe2 Qc7 12. c4 h6 13. Bd2 Ne7 14. Ne3 Ng6 15. g3 Bc5 16. Nc3 O-O 17. Ncd5 Nxd5 18. Nxd5 Qc6 19. O-O-O b5 20. Kb1 Bd4 21. Rc1 Rab8 22. Ne3 bxc4 23. Nxc4 Qb5 24. Bc3 Rfc8 25. Bxd4 exd4 26. Rhd1 Rd8 27. Qe4 Qd7 28. Na5 Ne7 29. Nb3 Rb4 30. Rxd4 Rxd4 31. Nxd4 Qxd4 32. Qxe7 Qd3+ 33. Ka1 Qd2 34. Qc7 Rd7 35. Qc8+ Rd8 36. Qc7 Rd7 37. Qc4 Rd4 38. Qc5 Rd5 39. Qc6 Rd6 40. Qc8+ Rd8 41. Qc7 Rd7 1/2-1/2

[Event "St Petersburg A Petrov-mem"]
[Site "St Petersburg"]
[Date "2000.02.07"]
[Round "1"]
[White "Shaposhnikov, E."]
[Black "Pavlov, Aleksander A"]
[Result "1-0"]
[WhiteElo "2503"]
[BlackElo "2311"]
[PlyCount "51"]
[EventDate "2000.02.07"]
[Source "www.chesslib.no"]
[SourceDate "2004.05.04"]

1. e4 c5 2. Nf3 d6 3. d4 cxd4 4. Nxd4 Nf6 5. f3 e5 6. Bb5+ Bd7 7. Bxd7+ Qxd7 8. Nf5 d5 9. Bg5 d4 10. c3 Ng8 11. cxd4 g6 12. Ne3 exd4 13. Nd5 Bg7 14. Na3 Nc6 15. Nb5 Kf8 16. Qb3 Be5 17. f4 h6 18. fxe5 hxg5 19. O-O Nxe5 20. Qg3 Nc6 21. Qxg5 Kg7 22. Nxd4 f6 23. Rxf6 Nxf6 24. Qxf6+ Kh7 25. Ne6 Rae8 26. Ng5+ 1-0

[Event "Ekblom Memorial corr9699"]
[Site "?"]
[Date "1996.??.??"]
[Round "?"]
[White "Kluegel, Jens Uwe"]
[Black "Pletanek, Jan"]
[Result "1/2-1/2"]
[WhiteElo "2530"]
[BlackElo "2270"]
[PlyCount "72"]
[EventDate "1996.??.??"]
[Source "www.chesslib.no"]
[SourceDate "2004.05.04"]

1. e4 c5 2. Nf3 d6 3. d4 cxd4 4. Nxd4 Nf6 5. f3 e5 6. Bb5+ Nbd7 7. Nf5 d5 8. exd5 a6 9. Ba4 b5 10. Bb3 Nb6 11. Ne3 Bc5 12. Nc3 O-O 13. O-O Bf5 14. Kh1 Bg6 15. Re1 Re8 16. a4 b4 17. a5 bxc3 18. axb6 Bd4 19. b7 Rb8 20. Nc4 Nxd5 21. Rxa6 Rxb7 22. Rd6 Rd7 23. Bg5 Rxd6 24. Nxd6 Qxg5 25. Nxe8 Nf4 26. g3 Nh3 27. Kg2 Nf4+ 28. Kh1 Nh3 29. Kg2 Nf2 30. Qe2 cxb2 31. Nd6 Qh5 32. h4 e4 33. Ba2 h6 34. Nxe4 Qa5 35. Bb3 Nxe4 36. fxe4 Bh5 1/2-1/2

[Event "Dr J. Bannet Memorial 8690"]
[Site "Dr J. Bannet Memorial 8690"]
[Date "1991.??.??"]
[Round "?"]
[White "Sarink, Hendrik Bartus"]
[Black "Berggreen, Anders J"]
[Result "1-0"]
[WhiteElo "2365"]
[BlackElo "2435"]
[PlyCount "65"]
[EventDate "1991.??.??"]
[Source "www.chesslib.no"]
[SourceDate "2004.05.04"]

1. e4 c5 2. Nf3 d6 3. d4 cxd4 4. Nxd4 Nf6 5. f3 e5 6. Bb5+ Nbd7 7. Nf5 d5 8. exd5 a6 9. Ba4 b5 10. Bb3 Nb6 11. Ne3 Bc5 12. Nc3 Bb7 13. Qd3 O-O 14. Ne4 Bxe3 15. Bxe3 Nbxd5 16. O-O-O Qc7 17. Nxf6+ Nxf6 18. Bg5 e4 19. Qe3 Rae8 20. Bxf6 gxf6 21. f4 Rd8 22. Qg3+ Kh8 23. Qh4 Qb6 24. c3 a5 25. Rhe1 a4 26. Bc2 a3 27. bxa3 Rd6 28. Bxe4 Bxe4 29. Rxe4 Rc6 30. Rd3 Qg1+ 31. Re1 Qxg2 32. Rh3 Qg6 33. Rg3 1-0

[Event "Heraklio Open"]
[Site "Heraklio GRE"]
[Date "1993.??.??"]
[Round "3"]
[White "Kalevic, Sanja"]
[Black "Atalik, Suat"]
[Result "0-1"]
[WhiteElo "2260"]
[BlackElo "2535"]
[PlyCount "66"]
[EventDate "1993.??.??"]
[Source "www.chesslib.no"]
[SourceDate "2004.05.04"]

1. e4 c5 2. Nf3 d6 3. d4 cxd4 4. Nxd4 Nf6 5. f3 e5 6. Bb5+ Nbd7 7. Nf5 d5 8. exd5 a6 9. Ba4 b5 10. Bb3 Nb6 11. Ne3 Bb7 12. Nc3 Bc5 13. Nf5 O-O 14. Bg5 Bb4 15. d6 Qd7 16. Nh6+ Kh8 17. Bxf6 gxf6 18. O-O Nc4 19. Bxc4 bxc4 20. Qe2 Qe6 21. Ng4 Bxd6 22. Ne4 Be7 23. Ne3 f5 24. Nd2 c3 25. bxc3 Rac8 26. Rab1 Rxc3 27. Kh1 Bc6 28. Rfe1 Bb5 29. Rxb5 axb5 30. Qxb5 f4 31. Nec4 f6 32. h3 Rc8 33. Nxe5 Re3 0-1